Winning With Employees: (Record no. 183180)

MARC details
000 -LEADER
fixed length control field 00633 a2200181 4500
005 - DATE AND TIME OF LATEST TRANSACTION
control field 20211220110734.0
010 ## - LCCN (DPL NO)
LC control number ENG-130410
020 ## - INTERNATIONAL STANDARD BOOK NUMBER
International Standard Book Number 978-93-901370-56-5
Terms of availability 695.00
035 ## - SYSTEM CONTROL NUMBER
System control number EN-113942
037 ## - SOURCE OF ACQUISITION
Source of stock number/acquisition DBAD/PUB
082 ## - DEWEY DECIMAL CLASSIFICATION NUMBER
Classification number 658.3
Item number 1
100 ## - MAIN ENTRY--PERSONAL NAME
Personal name Venkatesh, D.N.
245 ## - TITLE STATEMENT
Title Winning With Employees:
Statement of responsibility, etc D. N. Venkatesh
Remainder of title Leveraging Employee Experience for A competitive Edge/
260 ## - PUBLICATION, DISTRIBUTION, ETC. (IMPRINT)
Place of publication, distribution, etc New Delhi
Name of publisher, distributor, etc Sage Publications India Pvt. Ltd
Date of publication, distribution, etc 2021
270 ## - ADDRESS
Address B-I/I-I Mohan Cooperative, Industrial Area, Mathura Road,
City New Delhi
Postal code 110040
300 ## - PHYSICAL DESCRIPTION
Extent 418p.
Dimensions 22cm (pbk)
942 ## - ADDED ENTRY ELEMENTS (KOHA)
Institution code [OBSOLETE] dpl
Item type English Books
Source of classification or shelving scheme Dewey Decimal Classification
Classification part 658.3
Call number suffix VEN
Holdings
Withdrawn status Lost status Not for loan Collection code Home library Current library Date acquired Source of acquisition Cost, normal purchase price Full call number Barcode Copy number Cost, replacement price Koha item type
      Non-fiction Mobile Library Mobile Library 20/12/2021 DBAD/PUB 695.00 658.3 VEN EN-113942 1 695.00 English Books

© Delhi Public Library
Hit Counter
free hit counter